00572 2200229 4500001002100000005001500021035002000036007000300056008004100059040001700100082001600117084001600133090001800149245003400167260003600201300002400237500002700261650001600288850001200304041000800316990001800324INLIS00000000084370020190106123819 a0010-0119000067ta190106s1921 jii f d aYOPDYOGbind04223a899.222 a899.222 PAN aL 899.222 PAN0 aPanitibojo (serat panitibaya)3 aKediri :bTan Khoen Swie,c1921 a33 halaman ;c21 cm aTeks dalam aksara Jawa 4aSastra Jawa aYOPDYOG0 ajav a61734-PD/A.18